[Event "Linares"]
[Site "15"]
[Date "1998.??.??"]
[Round "8"]
[White "Kasparov, Gary"]
[Black "Svidler, Peter"]
[Result "1/2-1/2"]
[WhiteElo "2825"]
[BlackElo "2690"]
[Annotator "JvR"]
[PlyCount "128"]
[EventDate "1998.??.??"]

1. e4 e5 2. Nf3 Nc6 3. Bb5 a6 4. Ba4 Nf6 5. O-O Be7 6. Re1 b5 7. Bb3 O-O 8. h3
Bb7 9. d3 d6 10. c3 Re8 11. Nbd2 h6 12. Nf1 Bf8 13. Ng3 Nb8 14. Nh4 d5 15. exd5
Bxd5 16. Nhf5 Nbd7 17. Bxd5 Nxd5 18. Qg4 Kh8 19. Qf3 N5f6 20. Ne4 Kh7 21. h4
Nxe4 22. dxe4 Qf6 23. g4 g6 24. g5 Qe6 25. Nxh6 Bxh6 26. gxh6 Nf6 27. Bg5 Ng4
28. Rad1 f6 29. Bc1 Nxh6 30. Bxh6 Kxh6 31. Rd3 Rad8 32. Red1 Rxd3 33. Rxd3 Rg8
34. b3 f5 35. Qg2 fxe4 36. Qxe4 Rf8 37. Rg3 Rf4 38. Qe3 Kh7 39. Rg5 $6 ({
Correct is} 39. Qc5) 39... Qd5 $1 40. Rxe5 ({Avoids} 40. Qxe5 $2 Rg4+ $1) 40...
Rg4+ 41. Kf1 Qd1+ 42. Qe1 Qd3+ 43. Qe2 Qb1+ 44. Qe1 Qd3+ 45. Qe2 Qh3+ 46. Ke1
Qxc3+ 47. Kf1 Qh3+ 48. Ke1 Rg1+ 49. Kd2 Qd7+ 50. Kc2 Qc6+ 51. Kd3 Qd6+ 52. Kc2
Qc6+ 53. Kd3 Qd6+ 54. Kc2 Ra1 55. Re7+ Kg8 56. Qe6+ Qxe6 57. Rxe6 Rxa2+ 58. Kc3
$1 {The king plays a main role on the queenside.} Kg7 59. Kb4 Kh6 60. f4 Kh5
61. Re5+ Kxh4 62. Rg5 Rf2 63. Rxg6 Rxf4+ 64. Ka5 {Although Black has two extra
pawns, White draws easily.} Rf3 1/2-1/2

[Event "Linares"]
[Site "15"]
[Date "1998.??.??"]
[Round "9"]
[White "Kramnik, Vladimir"]
[Black "Topalov, Veselin"]
[Result "1/2-1/2"]
[WhiteElo "2790"]
[BlackElo "2740"]
[Annotator "JvR"]
[PlyCount "107"]
[EventDate "1998.??.??"]

1. Nf3 Nf6 2. c4 c5 3. Nc3 d5 4. cxd5 Nxd5 5. d4 Nxc3 6. bxc3 g6 7. e4 Bg7 8.
Rb1 O-O 9. Be2 cxd4 10. cxd4 Qa5+ 11. Bd2 Qxa2 12. O-O Bg4 13. Be3 Nc6 14. d5
Bxf3 15. Bxf3 Ne5 16. Be2 Nc4 17. Bg5 Nd6 18. Bxe7 $1 Nxe4 19. Bf3 $1 Nd2 20.
Qe2 Rfe8 $2 ({Better is} 20... Nxf3+ 21. Qxf3 Rfb8 22. d6 b6 {(Ftaknik).}) 21.
d6 {This pawn has huge srtrength.} Nxf3+ 22. Qxf3 Bf8 23. Rxb7 a5 $1 24. h4 a4
25. Rd1 Qe6 26. Bg5 h6 $1 27. d7 hxg5 28. dxe8=Q Rxe8 29. hxg5 a3 30. g3 $1 {
White develops his king.} a2 31. Kg2 Rd8 32. Re1 $5 Qc4 33. Ra7 Rd3 $1 34. Qa8
Rd2 35. Qf3 Rd3 36. Qa8 Rd2 {The victory loooms.} 37. Ra4 $2 ({White wins by} 
37. Re4 $1 {(Kramnik)} Qc5 38. Rf4) 37... Qc5 38. Rf1 Qc2 39. Ra7 Qb3 40. Qf3 (
{Kramnik suggests} 40. Rc7 $1 {but} Qd3 $1 41. Rc8 Qxf1+ 42. Kxf1 Rd1+ 43. Kg2
a1=Q 44. Rxf8+ Kg7 45. Rg8+ Kh7 46. Qxa1 Rxa1 {draws.}) 40... Qxf3+ 41. Kxf3
Bc5 42. Ra8+ Kg7 43. Ra1 Rxf2+ 44. Kg4 Rd2 45. Ra4 Bb6 46. R1xa2 Rd5 47. Kh4
Bd8 48. Rg4 Rd1 49. Rh2 Kg8 50. Re4 Rd5 51. Re8+ Kg7 52. Rb2 Bxg5+ 53. Kg4 Rd4+
54. Kf3 1/2-1/2

[Event "Linares"]
[Site "15"]
[Date "1998.??.??"]
[Round "9"]
[White "Shirov, Alexei"]
[Black "Ivanchuk, Vassily"]
[Result "0-1"]
[WhiteElo "2710"]
[BlackElo "2740"]
[Annotator "JvR"]
[PlyCount "94"]
[EventDate "1998.??.??"]

1. e4 c6 2. d4 d5 3. Nc3 dxe4 4. Nxe4 Nd7 5. Ng5 Ndf6 6. Bc4 e6 7. Qe2 Bd6 8.
Bd2 Qc7 9. O-O-O b6 10. N1f3 h6 11. Nh3 $5 Ne7 12. Ne5 c5 $1 (12... O-O $6 13.
f4 {asks for trouble.}) 13. Bb5+ Kf8 $1 14. Nc4 $5 cxd4 15. Nxd6 Qxd6 16. Bf4
$1 Qd5 $1 17. Be5 ({A plus gains} 17. Rxd4 $1 Qxd4 18. Rd1 Qxd1+ 19. Qxd1)
17... Nf5 (17... Qxg2 18. Nf4 Qe4 19. Qxe4 Nxe4 20. Rxd4 Bb7 21. Rhd1 {leads
to a dynamic equality.}) 18. c4 $5 Qc5 $5 19. Qf3 Qxe5 $5 20. Qxa8 Qc7 21. Qc6
$5 Qb8 $5 22. Qf3 Bb7 {Black grabs the initiative.} 23. Qa3+ $5 (23. Bc6 {
takes less risk.}) 23... Kg8 24. f3 g5 $1 25. Ba4 $2 (25. Nf2 $1 {activates
the knight.}) 25... e5 26. Rhe1 Kg7 27. Bc2 Nh4 28. Rd2 Rc8 29. Kb1 ({Or} 29.
Qb4 Bxf3 $1 {(Ftacnik).}) 29... Rxc4 30. Ng1 Rc5 31. g3 Ra5 32. Qd3 Ng6 33. Bb3
Qd6 34. Rc2 e4 $1 {A steamroller starts.} 35. Qc4 ({The pointe is} 35. fxe4 $2
Ne5) 35... Ne5 36. Qc7 Qb4 37. Rd1 Bd5 $1 38. Bxd5 Rxd5 39. fxe4 Nxe4 40. a3
Qb5 41. Ka2 d3 42. Rcc1 d2 43. Rc2 Nd3 44. Rcxd2 Rc5 45. Qd8 Qc4+ 46. b3 Nc3+
47. Ka1 Ra5 $1 {Ivanchuk scored his first victory in the tournament.} 0-1

[Event "Linares"]
[Site "15"]
[Date "1998.??.??"]
[Round "10"]
[White "Ivanchuk, Vassily"]
[Black "Svidler, Peter"]
[Result "1-0"]
[WhiteElo "2740"]
[BlackElo "2690"]
[Annotator "JvR"]
[PlyCount "115"]
[EventDate "1998.??.??"]

1. d4 Nf6 2. c4 g6 3. Nc3 d5 4. cxd5 Nxd5 5. e4 Nxc3 6. bxc3 Bg7 7. Nf3 c5 8.
Rb1 O-O 9. Be2 cxd4 10. cxd4 Qa5+ 11. Bd2 Qxa2 12. O-O b6 13. Qc1 Bb7 14. Bc4
Qa4 15. Bb5 Qa2 16. Bc4 Qa4 17. Bb5 Qa2 18. Re1 Rc8 19. Qd1 e6 20. h4 $5 h5 $5
21. Qe2 Nc6 22. Bc4 Qa4 $6 ({Ivanchuk prefers} 22... Qa3 $5) 23. Ra1 Qc2 24.
Bd3 Qb2 25. Ra4 $1 ({Not} 25. Reb1 $2 Nxd4 $1) 25... b5 $1 ({A tempo loses} 
25... Qb3 26. Rea1 b5 $1) 26. Bxb5 Rd8 ({No good is} 26... Nxd4 $2 27. Nxd4
Bxd4 28. Rb4 Qxd2 29. Qxd2 Bc3 30. Qd7 $1 Bxb4 31. Rb1 {(Ftacnik).}) 27. Bg5 $1
Qxe2 28. Bxe2 {White has the better endgame.} Rd7 29. Rb1 Nd8 30. Bd3 f5 $6 31.
d5 $1 fxe4 32. Bxe4 Bxd5 33. Bxg6 Rb7 34. Rxb7 Nxb7 35. Be3 $1 ({Counter-play
is allowed by} 35. Bxh5 Nc5 36. Ra5 Nb7 37. Ra3 a5) 35... a5 36. Bxh5 Bc6 37.
Rg4 Bxf3 $5 38. Rxg7+ $1 Kxg7 39. Bxf3 {Svidler is short on time.} Rb8 $2 ({
Correct is} 39... a4 $1 40. Bxb7 Ra5 $1 41. Bd4+ Kf7 42. Kh2 a3 43. Kh3 a2 44.
g4 a1=Q 45. Bxa1 Rxa1 46. Kg3 {Black will hold the position. He might give his
rook for the f- and g-pawn.}) 40. Bf4 Rd8 41. Bxb7 a4 42. Be5+ Kg8 43. h5 Rd1+
44. Kh2 Re1 45. f4 Rxe5 $1 46. fxe5 a3 47. Bc8 Kf7 48. h6 a2 49. Bxe6+ $1 Kxe6
50. h7 a1=Q 51. h8=Q Kd5 52. Qg8+ Ke4 53. Qg6+ Kd5 54. Qf7+ Ke4 55. Qg6+ Kd5
56. Qf7+ Ke4 57. e6 Qh8+ 58. Kg3 1-0

[Event "Linares"]
[Site "15"]
[Date "1998.??.??"]
[Round "10"]
[White "Topalov, Veselin"]
[Black "Shirov, Alexei"]
[Result "0-1"]
[WhiteElo "2740"]
[BlackElo "2710"]
[Annotator "JvR"]
[PlyCount "106"]
[EventDate "1998.??.??"]

1. d4 Nf6 2. c4 g6 3. Nc3 d5 4. cxd5 Nxd5 5. e4 Nxc3 6. bxc3 Bg7 7. Bb5+ c6 8.
Ba4 O-O 9. Ne2 Nd7 10. O-O e5 11. f3 Qe7 12. Be3 Rd8 13. Qc2 Nb6 14. Bb3 Be6
15. Rad1 Nc4 $1 16. Bc1 b5 $1 17. f4 $1 {The battle begins.} exd4 18. Nxd4 Bg4
19. Rde1 Qc5 20. Kh1 a5 $1 (20... Bxd4 21. cxd4 Qxd4 22. f5 {hands over the
initiative to White (Ftacnik).}) 21. h3 Bd7 22. a4 bxa4 23. Ba2 $1 Be8 24. e5
Nb6 25. f5 Nd5 26. Bd2 $2 ({Shirov advices} 26. Rf3 $1) 26... Nb4 $1 27. Qxa4 (
{The pointe is} 27. cxb4 $2 Qxc2 28. Nxc2 Rxd2) 27... Nxa2 28. Qxa2 Bxe5 29.
fxg6 hxg6 30. Bg5 Rd5 31. Re3 Qd6 32. Qe2 Bd7 33. c4 $2 ({An excellent
counteraction brings} 33. Nf3 Bg3 34. c4 Rf5 35. Rd1 Qc7 36. Qb2) 33... Bxd4
34. cxd5 Bxe3 35. Qxe3 Re8 $1 36. Qc3 Qxd5 37. Bh6 Re5 38. Rf3 Qc5 39. Qa1 Bf5
40. Re3 f6 41. Rxe5 Qxe5 42. Qa2+ Qd5 $1 43. Qxd5+ ({Stubborn resistance is
given by} 43. Qa3 c5 44. Qxa5 Bxh3 45. Qd2 Qc6 46. Kg1 {(Shirov)} Bd7) 43...
cxd5 44. Bd2 a4 45. Bc3 Kf7 46. h4 Ke6 47. Kg1 Bh3 $3 {A famous move is made.
Black gives a bishop for a tempo.} ({After} 47... Be4 $2 48. Kf2 Kf5 49. g3 {
the bishop obstructs square e4 (Shirov).}) 48. gxh3 ({Or} 48. Kf2 Kf5 49. Kf3
Bxg2+ $1) 48... Kf5 49. Kf2 Ke4 50. Bxf6 d4 51. Be7 Kd3 $1 52. Bc5 Kc4 53. Be7
Kb3 0-1

[Event "Linares"]
[Site "15"]
[Date "1998.??.??"]
[Round "11"]
[White "Shirov, Alexei"]
[Black "Kramnik, Vladimir"]
[Result "1-0"]
[WhiteElo "2710"]
[BlackElo "2790"]
[Annotator "JvR"]
[PlyCount "81"]
[EventDate "1998.??.??"]

1. e4 e5 2. Nf3 Nc6 3. Bb5 Nf6 4. O-O Nxe4 5. d4 Be7 6. dxe5 O-O 7. Re1 d5 8.
exd6 Bxd6 9. Nbd2 Bf5 $5 ({The theoretical} 9... Nxd2 $1 10. Bxd2 Qf6 {draws.})
10. Nc4 $1 Bb4 (10... Bc5 11. Be3 Qf6 {is slightly better (Wedberg).}) 11. c3
Qxd1 12. Rxd1 Bc5 13. Be3 Ne7 14. Re1 Bxe3 $6 ({Equality gains} 14... Nd5 $1
15. Bxc5 Nxc5 16. Ne3 Be6 $1) 15. Nxe3 Nd6 16. Nxf5 Nexf5 17. Ba4 $1 {White
has the strong bishop.} g6 18. Re2 b5 19. Bc2 Rfe8 20. Rae1 Rxe2 21. Rxe2 {
Appropriate prophylaxis is needed.} a5 $2 ({A subtle defence gives} 21... Ng7
22. Re7 Rc8 23. Bb3 Kf8) 22. Re5 b4 23. Rc5 bxc3 24. Rxc3 Nb5 $6 {Kramnik
decides for activity.} ({The passive} 24... Ra7 25. b3 Nb5 26. Rc5 Nfd4 27.
Nxd4 Nxd4 28. Be4 Ne6 {creates a wall.}) 25. Rc4 Rd8 26. Kf1 Ne7 27. a4 Nd6 28.
Rxc7 Nd5 29. Rc5 Nb4 30. Bb3 Nd3 31. Rxa5 Nxb2 32. Rd5 $1 {Nb2 is imprisoned.}
Rb8 33. Nd2 Rb6 34. Ke2 Ra6 35. Rd4 Nb7 36. Ne4 Rb6 37. Bd5 Kg7 38. Kd2 Nd6 39.
Nc3 Nf5 40. Rf4 Kf6 41. a5 (41. a5 Ra6 42. Rb4 {conquers the knight (Shirov).})
1-0

[Event "Linares"]
[Site "15"]
[Date "1998.??.??"]
[Round "11"]
[White "Svidler, Peter"]
[Black "Topalov, Veselin"]
[Result "1-0"]
[WhiteElo "2690"]
[BlackElo "2740"]
[Annotator "JvR"]
[PlyCount "133"]
[EventDate "1998.??.??"]

1. e4 e5 2. Nf3 Nc6 3. Bb5 Nf6 4. O-O Nxe4 5. d4 Nd6 6. Bxc6 dxc6 7. dxe5 Nf5
8. Qxd8+ Kxd8 9. Nc3 Ke8 10. Rd1 Ne7 11. Nd4 Ng6 12. f4 Bc5 13. Ne4 Bxd4+ 14.
Rxd4 b6 15. Be3 h5 16. Re1 Be6 17. Ng5 Bf5 18. Rc4 Ne7 19. Rd1 a5 20. Bf2 c5
21. Rc3 Ng6 22. Re1 Rg8 23. a3 a4 24. e6 f6 25. Ne4 h4 26. Rc4 Ke7 $4 ({
Correct is} 26... Ra5) 27. Nxc5 bxc5 28. Rxc5 Nxf4 29. Rxf5 Nxe6 30. Bxh4 Rgb8
31. Rc5 Kd6 32. Rc3 Rxb2 33. Bg3+ Kd7 34. Rd1+ Ke8 35. Rc6 Kf7 36. Rd7+ Ke8 37.
Rd1 Kf7 38. Re1 Re8 39. Re4 Ra2 40. Rxa4 Rd8 41. Re4 Rd1+ 42. Kf2 Nd4 43. Rxc7+
Kg6 44. Rg4+ Kf5 45. Rc5+ Ke6 46. Re4+ Kf7 47. Rc7+ Kg6 48. Rg4+ Kf5 49. Rc5+
Ke6 50. Rxg7 Nxc2 51. Rc6+ Kf5 52. Rc5+ Ke6 53. Kf3 Nd4+ 54. Kg4 Rxa3 55. Rc8
Ra4 56. Re8+ Kd5 57. Rd7+ Kc4 58. Bf2 Kc3 59. Bxd4+ Rdxd4+ 60. Rxd4 Kxd4 61.
Kf5 Ra2 62. g4 Rf2+ 63. Kg6 Rf4 64. Kh5 f5 65. g5 Re4 66. Rf8 Ke5 67. Kg6 1-0

[Event "Linares"]
[Site "15"]
[Date "1998.??.??"]
[Round "12"]
[White "Ivanchuk, Vassily"]
[Black "Anand, Viswanathan"]
[Result "0-1"]
[WhiteElo "2740"]
[BlackElo "2770"]
[Annotator "JvR"]
[PlyCount "54"]
[EventDate "1998.??.??"]

1. e4 c5 2. Nf3 d6 3. d4 cxd4 4. Nxd4 Nf6 5. Nc3 Nc6 6. Bg5 e6 7. Qd2 Be7 8.
O-O-O O-O 9. f3 Nxd4 10. Qxd4 a6 11. h4 b5 12. Kb1 Qc7 13. h5 h6 14. Bh4 $6 (
14. Bxf6 gxf6 15. Qd2 {will be played in Socko-Kacheishvili, Leon 2001.}) 14...
Bb7 15. Ne2 Rac8 16. Qd2 (16. Qc3 $1 Qb6 17. Qd2 {is slightly better.}) 16...
Rfd8 17. Re1 ({Anand suggests the drastic} 17. Nd4 $1 d5 18. e5 $1 Qxe5 19. g4)
17... e5 $1 18. Bxf6 $6 ({More resistance offers} 18. Ng3 $1 d5 19. Bd3 {
(Anand).}) 18... Bxf6 19. Nc3 Bg5 20. Qd1 $6 ({The last stand brings} 20. Qd3
$5 d5 $1 21. Nxd5 Bxd5 22. exd5 Rxd5 $1 23. Qb3 Rd2 24. Bd3 Rxg2 {(Anand).})
20... Qa5 21. Nd5 $6 Bxd5 22. exd5 Rxc2 $1 {Black decides the game with a
great combination.} 23. Kxc2 Qxa2 24. f4 (24. Kd3 $2 Qc4#) 24... Rc8+ 25. Kd2
Bxf4+ 26. Ke2 Qxb2+ 27. Kf3 Rc1 {Anand nears the leader Shirov by half-a-point.
} 0-1

[Event "Linares"]
[Site "15"]
[Date "1998.??.??"]
[Round "12"]
[White "Kramnik, Vladimir"]
[Black "Svidler, Peter"]
[Result "1-0"]
[WhiteElo "2790"]
[BlackElo "2690"]
[Annotator "JvR"]
[PlyCount "57"]
[EventDate "1998.??.??"]

1. Nf3 Nf6 2. c4 e6 3. g3 d5 4. d4 Be7 5. Bg2 O-O 6. O-O dxc4 7. Qc2 a6 8. Qxc4
b5 9. Qc2 Bb7 10. Bf4 Nd5 11. Nc3 Nxf4 12. gxf4 Nd7 13. Rfd1 Bxf3 $2 14. Bxf3
Rb8 15. e3 ({Smyslov won with} 15. Ne4 {against Barczay in Kapfenberg 1970.})
15... Nf6 ({The liberating move} 15... c5 $2 {faild due to} 16. dxc5 Bxc5 17.
Bc6 {(Ribli).}) 16. Rac1 Qd6 $6 (16... Bd6 {is wiser.}) 17. Ne2 Rfc8 18. e4 $5
Qd7 19. d5 $1 {Kramnik plays his favourite centre breakthrough.} exd5 20. e5
Ne8 21. Rxd5 Qh3 22. Bg2 Qh4 {White controls and occupies the centre. Black
has been outsmarted completely.} ({The passive} 22... Qh5 23. Rd7 Bf8 24. Ng3
Qg4 25. Qf5 $1 Qxf5 26. Nxf5 g6 27. Ne3 f5 28. Bc6 {leads to a plain win for
White.}) ({A horror shows} 22... Qg4 23. h3 Qg6 24. Qxg6 hxg6 25. Rd7 Kf8 26.
Rc6) 23. Nd4 $1 Qxf4 24. Nc6 Bh4 25. Rcd1 $1 {This move is even stronger than
the win of an exchange.} Rb6 26. R5d4 Rxc6 ({White attacks the king in} 26...
Qh6 27. Qf5 Ra8 28. Rf4 {(Ftacnik).}) 27. Bxc6 Qxe5 28. Bd7 Rd8 ({Or} 28...
Qg5+ 29. Rg4) 29. Rxh4 1-0

[Event "Linares"]
[Site "15"]
[Date "1998.??.??"]
[Round "13"]
[White "Anand, Viswanathan"]
[Black "Topalov, Veselin"]
[Result "1-0"]
[WhiteElo "2770"]
[BlackElo "2740"]
[Annotator "JvR"]
[PlyCount "155"]
[EventDate "1998.??.??"]

1. e4 c5 2. Nf3 d6 3. d4 cxd4 4. Nxd4 Nf6 5. Nc3 a6 6. Be3 Ng4 7. Bg5 h6 8. Bh4
g5 9. Bg3 Bg7 10. Bc4 Nc6 11. Nxc6 bxc6 12. h4 Qb6 13. Bb3 Bd7 14. hxg5 O-O-O
$5 15. Qd2 {Topalov has chosen an aggressive opening.} ({Anand finds} 15. gxh6
Bxh6 {too risky.}) 15... hxg5 16. Rxh8 Rxh8 17. O-O-O Ne5 18. f3 Qa5 19. Kb1
Bf6 20. Qe3 Kb7 21. Bf2 Rb8 $2 22. g3 Kc8 23. Qe2 $1 {White threatens Rd4-a4.}
Ng6 $2 ({Far stronger than the retreat is} 23... g4 $1 24. f4 Nf3) 24. Be1 Qb6
25. Na4 Qb5 $6 {Black loses a tempo.} 26. c4 $1 Qb7 27. Ba5 $6 ({White misses} 
27. c5 $1 {(Anand)} Qb5 28. Qxb5 axb5 29. Nb6+ Kc7 30. Ba5 $18) 27... c5 28.
Nb6+ Qxb6 $1 {Black has to stop the attack.} 29. Bxb6 Rxb6 30. Rd2 Be5 31. Qh2
Kc7 32. Rf2 Rb8 33. f4 $6 Rh8 ({Anand prefers} 33... gxf4 $5 34. gxf4 Bd4) 34.
fxe5 $1 Rxh2 35. exd6+ Kxd6 36. Rxh2 {White has a material advantage in the
endgame.} Bc6 37. Bc2 Ne5 38. b3 Nf3 39. Rh7 f6 40. Kc1 a5 41. Kd1 Ke6 42. Bd3
Kd6 43. Ke2 Ne5 44. Kd2 Bb7 45. Kc3 Nc6 46. Rh8 Kc7 47. Bf1 Ne5 48. Bg2 Bc6 49.
a3 Bb7 50. Rh7 Kd7 51. b4 axb4+ 52. axb4 cxb4+ 53. Kxb4 Ba6 54. Bh3+ $1 g4 55.
Bf1 Bb7 56. Bg2 Ba6 57. Rh5 $1 Ke6 ({The pointes are} 57... Nxc4 $2 58. Bf1) ({
and} 57... Bxc4 $2 58. Rxe5) 58. Kc3 Kd6 59. Bf1 Bb7 60. Bd3 Bc6 61. Rh7 Bd7
62. Be2 Be6 63. Bf1 Bf7 64. Bd3 Be6 65. Rh8 Nc6 66. Bc2 {White has great
difficulty to make headway with the passed pawn.} Kc5 $2 ({Correct is} 66...
Ne5 $1 67. Rd8+ Kc7 68. Re8 Kd6 69. Bb3 Bd7 70. Ra8 Bc6 71. Ra6 Kc5 {White has
been unable to carry out the desired stride.}) 67. Bb3 Bf7 68. Ba4 $1 Ne5 69.
Rc8+ Kb6 70. c5+ {The essential advance has been made.} Kb7 71. Rh8 Bg6 72. Kd4
Bf7 73. Rh7 Kc7 74. Bb5 Nf3+ 75. Ke3 Ne5 76. Rh8 Bg6 77. Ra8 Kb7 78. Ra6 {
Anand scored an important victory.} 1-0

[Event "Linares"]
[Site "15"]
[Date "1998.??.??"]
[Round "13"]
[White "Svidler, Peter"]
[Black "Shirov, Alexei"]
[Result "1-0"]
[WhiteElo "2690"]
[BlackElo "2710"]
[Annotator "JvR"]
[PlyCount "73"]
[EventDate "1998.??.??"]

1. e4 e5 2. Nf3 Nc6 3. Bb5 a6 4. Ba4 Nf6 5. O-O b5 6. Bb3 Bc5 7. a4 Rb8 8. c3
d6 9. d4 Bb6 10. Na3 Bg4 11. axb5 axb5 12. Nxb5 O-O 13. Re1 Bxf3 14. gxf3 Nh5
15. Kh1 $1 ({Svidler plays a more aggressive move than} 15. Be3 {
(Ivanchuk-Shirov, Belgrade 1997).}) 15... Qf6 16. Rg1 $1 Nf4 17. Be3 Ne6 18.
Bxe6 fxe6 19. Rg3 Kh8 20. Qd3 exd4 21. cxd4 e5 22. d5 $1 {White gains a small
advantage.} ({Incorrect is} 22. Rc1 $2 Nxd4 23. Bxd4 exd4 24. Nxc7 $4 Rbc8 {
(Svidler).}) 22... Ne7 23. Bxb6 Rxb6 24. Nxc7 Rxb2 25. Ne6 Rg8 26. Kg1 $5 Ng6
27. Qa3 Rb6 ({The counter} 27... Rc2 $2 28. Qxd6 Nf4 29. Qd7 Ne2+ 30. Kg2 Nxg3
31. hxg3 Rc3 $1 {is refuted by} 32. f4 $1 exf4 33. Nxf4 Rxg3+ $5 {(Svidler)}
34. Kxg3 g5 (34... Qxa1 35. Ng6+ hxg6 36. Qh3#) 35. Qxh7+ $1 Kxh7 36. Rh1+ Kg7
37. Nh5+) 28. Kh1 $5 Nf4 $2 (28... Rgb8 $1 29. Rag1 Qe7 {defends properly.})
29. Nxg7 $1 {White grabs a pawn.} Ne2 (29... Rxg7 $4 30. Qa8+) 30. Nf5 $1 {The
restriction by the knight on its advanced post decides the game.} Rgb8 31. Qd3
Rb2 32. Rf1 $1 Ra8 ({Or} 32... Nxg3+ 33. hxg3 R2b3 34. Qd1 $1 Rc3 35. Kg2 $1 {
(Svidler).}) 33. Qc4 Nxg3+ 34. hxg3 $1 Qd8 35. Qc1 Rb3 36. Kg2 $1 Qf8 37. Qc7 {
Shirov trails Anand by half-a-point.} 1-0

[Event "Linares"]
[Site "15"]
[Date "1998.??.??"]
[Round "14"]
[White "Shirov, Alexei"]
[Black "Kasparov, Gary"]
[Result "1/2-1/2"]
[WhiteElo "2710"]
[BlackElo "2825"]
[Annotator "JvR"]
[PlyCount "34"]
[EventDate "1998.??.??"]

1. e4 c5 2. Nf3 d6 3. d4 cxd4 4. Nxd4 Nf6 5. Nc3 a6 6. Be3 e6 7. g4 h6 8. f4 e5
9. Nf5 {Shirov wants to defeat the world champion. Therefore, he plays a sharp
opening.} h5 $5 {Black gets fine counter-play by an interesting novelty.} (9...
Nc6 {is known from Shirov-Kamsky, Monaco 1996 and Anand-Kasparov, Dos Hermanas
1996.}) 10. gxh5 $5 {Shirov selects the way to a short draw.} exf4 11. Bxf4
Nxh5 12. Nxd6+ Bxd6 13. Bxd6 ({Avoids} 13. Qxd6 $4 Qh4+ 14. Bg3 Nxg3 {
(Kasparov).}) 13... Qh4+ 14. Kd2 Qg5+ 15. Ke1 ({One does not play} 15. Kd3 $2
Rh6 $1 {against a world champion.}) 15... Qh4+ 16. Kd2 Qg5+ 17. Ke1 Qh4+ {A
draw by perpetual check.} 1/2-1/2

[Event "Linares"]
[Site "16"]
[Date "1999.??.??"]
[Round "2"]
[White "Ivanchuk, Vassily"]
[Black "Kasparov, Gary"]
[Result "0-1"]
[WhiteElo "2710"]
[BlackElo "2810"]
[Annotator "JvR"]
[PlyCount "62"]
[EventDate "1999.??.??"]

1. e4 c5 2. Nf3 d6 3. d4 cxd4 4. Nxd4 Nf6 5. Nc3 a6 6. Be3 Ng4 7. Bg5 h6 8. Bh4
g5 9. Bg3 Bg7 10. Qd2 Nc6 11. Nb3 Nge5 12. f3 b5 13. Bf2 Rb8 14. Nd4 b4 15. Nd1
$5 Nxd4 16. Bxd4 d5 $1 {Black opens the position favourably.} 17. exd5 $6 ({
Better is} 17. Bxe5 Bxe5 {(Kasparov)} 18. Qxd5 Qc7 19. Qc4 $1) 17... Qxd5 18.
c3 O-O 19. Be2 Rd8 20. Qe3 Bb7 21. Nf2 bxc3 22. Bxc3 Qe6 23. Kf1 $5 Bd5 24. b3
$2 (24. h4 $1 Nc4 25. Qxe6 Bxe6 {undertakes the proper action (Kasparov).})
24... Rbc8 25. Rd1 Rxc3 $1 {Black exerts great pressure. An exquisite
sacrifice brings the decision.} 26. Qxc3 Ng4 27. Qa5 Ne3+ 28. Kg1 Rc8 $6 ({The
game can be concluded by} 28... Nxd1 $1 29. Qxd8+ Kh7 30. Kf1 $1 Nxf2 31. Kxf2
Bd4+ 32. Ke1 Bb6 $1 33. Qb8 Qf6 {(Kasparov).}) 29. Qxa6 $6 ({Or} 29. Rb1 Bd4
30. Qd2 Qb6 {(Ftacnik).}) 29... Nxd1 30. Qxe6 Bxe6 31. Bxd1 Rc1 {Ivanchuk
resigned because his opponent will harvest the pawns on the queenside and keep
a big positional advantage.} 0-1

[Event "Linares"]
[Site "16"]
[Date "1999.??.??"]
[Round "3"]
[White "Kasparov, Gary"]
[Black "Anand, Viswanathan"]
[Result "1/2-1/2"]
[WhiteElo "2810"]
[BlackElo "2780"]
[Annotator "JvR"]
[PlyCount "57"]
[EventDate "1999.??.??"]

1. d4 d5 2. c4 dxc4 3. e4 e5 4. Nf3 exd4 5. Bxc4 Nc6 6. O-O Be6 7. Bb5 Bc5 8.
Nbd2 Qd6 $5 9. e5 Qd5 10. Ng5 $1 O-O-O 11. Bc4 Qd7 12. Nxe6 fxe6 13. b4 $1 {
White opens the way for an attack.} Nxb4 14. Qb3 Nd5 15. Ne4 Bb6 16. a4 $1 a5
17. Nd6+ $1 Kb8 {Black postpones the capture of the knight.} 18. Bxd5 exd5 19.
Bd2 cxd6 20. Qxb6 dxe5 21. f4 $1 {Gary frees another route.} Nf6 $2 ({
Countering by} 21... e4 $2 22. f5 e3 23. Be1 {also fails.}) ({The right move
makes} 21... Ne7 $1 {Black wants to exchange in} 22. fxe5 Rhf8 23. Rfc1 Rc8 24.
e6 Qd8) 22. fxe5 Ne4 23. Bxa5 d3 {Gary has to find a difficult win.} 24. e6 $2
({He misses} 24. Qb4 $1 Rde8 25. Bb6 d2 26. a5 $1 Qe7 27. Qb3 Qxe5 28. a6 {
(Kasparov).}) 24... Qd6 25. Qxd6+ Rxd6 26. e7 Rf6 27. Rxf6 Nxf6 28. Rd1 Re8 29.
Bb4 1/2-1/2

[Event "Linares"]
[Site "16"]
[Date "1999.??.??"]
[Round "5"]
[White "Adams, Michael"]
[Black "Kasparov, Gary"]
[Result "0-1"]
[WhiteElo "2715"]
[BlackElo "2810"]
[Annotator "JvR"]
[PlyCount "118"]
[EventDate "1999.??.??"]

1. e4 c5 2. Nc3 d6 3. g3 Nc6 4. Bg2 g6 5. d3 Bg7 6. Be3 Nf6 7. Nge2 O-O 8. h3
e5 9. O-O b5 $5 {Kasparov brings life to the game.} 10. Nxb5 $5 Rb8 11. a4 a6
12. Na3 Rxb2 13. Nc4 Rb8 14. f4 exf4 15. Nxf4 Na5 16. Nd2 Bd7 17. Ra2 Bc6 18.
Nf3 Ba8 19. c4 $6 Nd7 20. Raf2 Nb3 21. h4 Nd4 $6 22. Bh3 $6 (22. Nxd4 cxd4 23.
Bd2 {gains a plus.}) 22... Nxf3+ 23. Qxf3 Ne5 24. Qd1 Qe7 25. h5 Rb4 26. h6 Bh8
27. Ne6 $1 Rfb8 28. Ng5 Rb2 $1 29. Bf4 $2 {Adams misses a beautiful finale.} ({
A perpetual check results from} 29. Rxf7 $1 Nxf7 30. Be6 Bf6 31. Qg4 $1 Rb1 32.
Nxf7 Rxf1+ 33. Kxf1 Re8 34. Ng5+ Kh8 35. Nf7+ {(Adams).}) 29... Bf6 30. Nf3 Bc6
31. Nxe5 Bxe5 32. Qf3 f5 $6 (32... Rxf2 33. Rxf2 Bxa4 {grabs a pawn.}) 33. Bxe5
Qxe5 34. g4 Rxf2 35. Rxf2 Rb1+ 36. Bf1 ({Michael avoids the devious trick} 36.
Kg2 $2 Rb3 $1 37. gxf5 Rxd3 $3) 36... Rb2 $1 37. Rxb2 Qxb2 38. gxf5 Qd4+ 39.
Kh1 Bxa4 40. fxg6 hxg6 41. e5 $5 {White evades a slow death.} Qxe5 42. Qb7 Be8
43. Bg2 Qh5+ $6 ({Better is} 43... a5) 44. Kg1 Qxh6 45. Qe7 $6 ({The last
chance gives} 45. Qxa6 {(Adams).}) 45... Qc1+ 46. Bf1 Bf7 47. Qxd6 Qe3+ 48. Kh1
a5 49. Qd8+ Be8 50. Bg2 ({Or} 50. Qxa5 Bc6+ 51. Kh2 Qf2+ 52. Kh3 Bd7#) 50...
Qe1+ 51. Kh2 Qe5+ 52. Kh3 Kg7 53. Bd5 a4 54. Qb6 Bd7+ 55. Kg2 Qe2+ 56. Kg1 a3
57. Qxc5 Qe1+ 58. Kg2 a2 59. Qd4+ Kh7 0-1